书目信息 |
| 题名: |
马克思传略
|
|
| 作者: | 斯捷潘诺娃 著 ;关益 , 李荫寰 译 | |
| 分册: | ||
| 出版信息: | 北京 中国社会科学出版社 1982.11 |
|
| 页数: | 270 | |
| 开本: | 21cm | |
| 丛书名: | ||
| 单 册: | ||
| 中图分类: | A711 | |
| 科图分类: | ||
| 主题词: | 马克思,K.--传记 | |
| 电子资源: | ||
| ISBN: | ||
| 000 | 00636nam0 2200217 45 | |
| 001 | 0181023695 | |
| 005 | 20070731111054.29 | |
| 010 | @dCNY0.84 | |
| 091 | @a3190.034 | |
| 100 | @a20810111d km y0chiy0120 ea | |
| 101 | 0 | @achi |
| 200 | 1 | @a马克思传略@AMA KE SI CHUAN LUE@f(苏)E·A·斯捷潘诺娃著@F(Su)E·A·Si Jie Pan Nuo Wa Zhu@g关益,李荫寰译 |
| 210 | @a北京@c中国社会科学出版社@d1982.11 | |
| 215 | @a270@d21cm | |
| 606 | 0 | @a马克思,K.@x传记 |
| 690 | @aA711@v3 | |
| 701 | 0 | @a斯捷潘诺娃@Asi jie pan nuo wa@4著 |
| 702 | 0 | @a关益@AGuan Yi@4译 |
| 702 | 0 | @a李荫寰@ALi Yin Huan@4译 |
| 801 | @aCN@bTSTC@c20070731 | |
| 905 | @dA711@e21 | |
| 马克思传略/(苏)E·A·斯捷潘诺娃著/关益,李荫寰译.-北京:中国社会科学出版社,1982.11 |
| 270;21cm |
| ISBN :CNY0.84 |
| ● |
| 相关链接 |
|
|
|
|
正题名:马克思传略
索取号:A711/21
 
预约/预借
| 序号 | 登录号 | 条形码 | 馆藏地/架位号 | 状态 | 备注 |
| 1 | 0081091 | 000956451 | 第一借阅区/ [索取号:A711/21] | 在馆 | |
| 2 | 0081092 | 000956610 | 第一样本阅览室/ [索取号:A711/21] | 在馆 | |
| 3 | 0081128 | 001859581 | 密集书库/ [索取号:A711/21] | 在馆 | |
| 4 | 0086447 | 202251080 | 密集书库/ [索取号:A711/21] | 在馆 | |
| 5 | 0086448 | 000956380 | 第一借阅区/ [索取号:A711/21] | 在馆 | |
| 6 | 0086449 | 000956424 | 第一借阅区/ [索取号:A711/21] | 在馆 | |
| 7 | 0787285 | 207872854 | 密集书库/ [索取号:A711/21] | 在馆 |